000 00355nam a2200145Ia 4500
008 150201s2003 xx 000 0 und d
082 _a613.71
_bT2003K
100 _aKISNER,CAROLYN
245 _aTHERAPEUTIC EXERCISE
250 _a4TH
260 _bJAYPEE MEDICAL PUBLISHER
_aDELHI
_c2003
300 _a1-844
650 _aPHYSIOTHERAPY
942 _2ddc
_cBK
999 _c3962
_d3962